000 01242nam a2200289 a 4500
001 ebr10038570
003 CaPaEBR
006 m u
007 cr cn|||||||||
008 030217s2003 enk s 000 0 eng d
015 _aGBA3-15358
016 7 _a0309086264
_2Uk
020 _z0309086264(pbk.)
040 _aCaPaEBR
_cCaPaEBR
035 _a(OCoLC)559112715
050 1 4 _aRA644.A6
_bA87 2003eb
082 0 4 _a615.372
_221
245 0 3 _aAn assessment of the CDC anthrax vaccine safety and efficacy research program
_h[electronic resource] /
_cCommittee to Review the CDC Anthrax Vaccine Safety and Efficacy Research Program, Medical Follow-up Agency, Institute of Medicine.
260 _aWashington, D.C. ;
_a[Great Britain] :
_bNational Academy Press,
_cc2003.
300 _axvii, 160 p.
533 _aElectronic reproduction.
_bPalo Alto, Calif. :
_cebrary,
_d2013.
_nAvailable via World Wide Web.
_nAccess may be limited to ebrary affiliated libraries.
650 0 _aAnthrax
_xVaccination.
650 0 _aPublic health.
655 7 _aElectronic books.
_2local
710 2 _aebrary, Inc.
856 4 0 _uhttp://site.ebrary.com/lib/rucke/Doc?id=10038570
_zAn electronic book accessible through the World Wide Web; click to view
999 _c164330
_d164330